| 000 | 00956nam a2200253 a 4500 | ||
|---|---|---|---|
| 999 |
_c11497 _d11497 |
||
| 001 | 11497 | ||
| 003 | BD-JhCC | ||
| 005 | 20191019092651.0 | ||
| 008 | 190603b 2014bg |||| ||a| 001 0 Mul d | ||
| 020 | _a97893836581078 | ||
| 035 | _a(BD-JhCC)11497 | ||
| 040 |
_aBD-JhCC _dBD-JhCC |
||
| 041 | _amul | ||
| 082 |
_bHAT 2014 _a025.30285416 |
||
| 100 | _aহাটুয়া, সুদীপ রঞ্জন | ||
| 245 |
_aতথ্য প্রযুক্তি ও গ্রন্থাগার ব্যবস্থা: _bতত্ত্ব ও প্রয়োগ / _cসুদীপ রঞ্জন হাটুয়া । |
||
| 260 |
_aঢাকা: _bপ্রভা প্রকাশনী; _c২০১৪. |
||
| 300 |
_a৫৫৬ পৃ. : _c২২ সেমি. |
||
| 650 | _aLibraries--Automation | ||
| 650 | _aLibrary science--Computer programs | ||
| 650 | _aInformation technology | ||
| 942 |
_2ddc _cBK |
||